| Tag |
First Indicator |
Second Indicator |
Subfields |
| LEADER |
00000cam a2200000 4500 |
| 001 |
in00000044924 |
| 005 |
20151007065132.0 |
| 008 |
730215s1959 nyu b 00000 eng u |
| 010 |
|
|
|a 58009461
|
| 035 |
|
|
|a (OCoLC)00559544
|
| 035 |
|
|
|9 AAE1356AM
|
| 040 |
|
|
|c WSU
|d TXA
|d UtOrBLW
|
| 049 |
|
|
|a TXAM
|c [305586]
|
| 050 |
|
0 |
|a QM551
|b .A54
|
| 092 |
|
|
|a 574.82
|b A563t, 1959
|
| 100 |
1 |
|
|a Andrew, Warren,
|d 1910-1982.
|
| 245 |
1 |
0 |
|a Textbook of comparative histology.
|
| 264 |
|
1 |
|a New York :
|b Oxford University Press,
|c 1959.
|
| 300 |
|
|
|a 652 pages :
|b illustrations ;
|c 24 cm.
|
| 336 |
|
|
|a text
|b txt
|2 rdacontent
|
| 337 |
|
|
|a unmediated
|b n
|2 rdamedia
|
| 338 |
|
|
|a volume
|b nc
|2 rdacarrier
|
| 504 |
|
|
|a Includes bibliography.
|
| 650 |
|
0 |
|a Histology.
|
| 740 |
0 |
|
|a Comparative histology.
|
| 999 |
|
|
|a MARS
|
| 999 |
f |
f |
|s 90152e41-8365-344a-93c9-2b48307ef157
|i 46b6056c-3181-35fc-8e74-def8324585c5
|t 0
|
| 952 |
f |
f |
|p ric
|a Texas A&M University
|b Rellis Campus
|c Joint Library Facility
|d Remote Storage
|t 0
|e QM551 .A54
|h Library of Congress classification
|i unmediated -- volume
|m A14800974654
|
| 998 |
f |
f |
|a QM551 .A54
|t 0
|l Remote Storage
|